000 00283nam a2200121 a 4500
008 101214s1980|||| d
100 1 _aCzerny, Carl
245 1 0 _a160 osemtaktových cvičení
260 _bOpus
_aBratislava
_c1980
020 _c16
041 _aslo
044 _axo
_cSK
999 _c15240
_d15240